000 00558nam a2200229Ia 4500
003 OSt
005 20221005121031.0
006 a|||||r|||| 00| 0
007 ta
008 221004b |||||||| |||| 00| 0 tam d
024 _a52423
037 _cTextual
040 _aCRL
_cCRL
_btam
041 _2tam
_atam
082 _aV2:51xM69w, 31w1J5
100 _aSuppu
_9629970
245 0 _aGandhimahan bathai
260 _c1955
650 _aHISTORY
942 _hV2:51xM69w, 31w1J5
_cTEXL
_2cc
999 _c1039883
_d1039883